00422nam a2200157Ia 4500008004100000020002200041041000800063082001600071100001600087245007300103260003100176300000900207500000700216650002500223700001600248230125s9999 xx 000 0 und d a978-81-8484-025-4 aeng a658.15bRAJ aRajendran G aFinancial Management bA Professional Approach (Text and Case Study) c2009bRegal PubaNew Delhi a210p aFM aFinancial Management aRajendran G